000 00481nam a2200181Ia 4500
008 231217s9999 xx 000 0 und d
020 _a8178813408
041 _aEnglish
082 _a658.4038 NAG.6;1 R
100 _aNagarajan, N ed.
245 0 _aKnowledge management V.6 : bank economists conference, 2003
250 _a1st ed.
260 _c2004
_bICFAI Press
_aHyderabad
300 _axiv, 148
500 _aContent page available
650 _aICFAI
942 _cAA
999 _c181423
_d181423